Az actiók ügye [I.] /

Elmentve itt :
Bibliográfiai részletek
Szerző: Bódiss Jusztin
Dokumentumtípus: Cikk
Megjelent: 1901
Sorozat:Magyar pedagógia : a Magyar Tudományos Akadémia Pedagógiai Bizottságának folyóirata 10
Kulcsszavak:Magyar nyelv tanítása ige, Magyar nyelv tanítása
Online Access:http://misc.bibl.u-szeged.hu/7683
LEADER 00672nab a2200181 i 4500
001 misc7683
005 20191106144056.0
008 170607s1901 hu o 0|| hun d
022 |a 0025-0260 
040 |a SZTE Miscellanea Repozitórium  |b hun 
041 |a hun 
100 1 |a Bódiss Jusztin 
245 1 3 |a Az actiók ügye   |h [elektronikus dokumentum] :  |b [I.] /  |c  Bódiss Jusztin 
260 |c 1901 
300 |a 135-153 
490 0 |a Magyar pedagógia : a Magyar Tudományos Akadémia Pedagógiai Bizottságának folyóirata  |v 10 
695 |a Magyar nyelv tanítása ige, Magyar nyelv tanítása 
856 4 0 |u http://misc.bibl.u-szeged.hu/7683/1/mp_1901_0728_135-153.pdf  |z Dokumentum-elérés